| 000 | 00728nam a2200253Ia 4500 | ||
|---|---|---|---|
| 003 | GCL | ||
| 008 | 140319s9999 xx 000 0 ara d | ||
| 040 |
_aGCL / _cGCL |
||
| 082 | 0 | 4 |
_a346.02 _bت ع |
| 100 | 1 | _aتوفيق حسن فرج | |
| 245 | 1 | 0 |
_aعقد البيع والنقارنة / _cتوفيق حسن فرج |
| 260 |
_a[S.N] : _bمؤسسة الثقافةالجامعية للطبع والنشر ، _c1985 |
||
| 300 | _a677 ص | ||
| 490 | _a | ||
| 650 | 0 | 4 | _aمصر |
| 650 | 0 | 4 | _aالادارة |
| 650 | 0 | 4 | _aالبيع |
| 650 | 0 | 4 | _aالقانون المدنى |
| 650 | 0 | 4 | _aالالتزامات |
| 650 | 0 | 4 | _aالعقود |
| 650 | 0 | 4 | _aالتعهدات |
| 650 | 0 | 4 | _aالمقايضة |
| 942 |
_2ddc _cBK |
||
| 999 |
_c54699 _d54699 |
||